Whole life value (Record no. 104160)

MARC details
000 -LEADER
fixed length control field 01144cam a2200277 4500
001 - CONTROL NUMBER
control field L129370
008 - FIXED-LENGTH DATA ELEMENTS--GENERAL INFORMATION
fixed length control field 050414n2004 000 0 eng u
020 ## - INTERNATIONAL STANDARD BOOK NUMBER
International Standard Book Number 1860817203
035 ## - SYSTEM CONTROL NUMBER
System control number (Sirsi) u129370
041 ## - LANGUAGE CODE
Language code of text/sound track or separate title eng
050 ## - LIBRARY OF CONGRESS CALL NUMBER
Classification number 692.5
-- 18
100 ## - MAIN ENTRY--PERSONAL NAME
Personal name Waterman, Anthony
245 ## - TITLE STATEMENT
Title Whole life value
Remainder of title sustainable design in the built environment
260 ## - PUBLICATION, DISTRIBUTION, ETC.
Place of publication, distribution, etc. Watford
Name of publisher, distributor, etc. BRE
Date of publication, distribution, etc. 2004
300 ## - PHYSICAL DESCRIPTION
Extent 4p.
Dimensions 30cm.
350 ## - PRICE (NR) (BK AM CF MU VM SE) [OBSOLETE]
Price 12
490 ## - SERIES STATEMENT
Series statement BRE Information Paper
Volume/sequential designation 10/04
520 ## - SUMMARY, ETC.
Summary, etc. Outlines the concept of Whole Life Value (WLV) and describes the WLV Framework - a web based tool that provides an integrated framework for the variety of design tools that deal with the issue of sustainability in the built environment. The WLV search engine is on the website: www.wlv.org.uk
690 ## - LOCAL SUBJECT ADDED ENTRY--TOPICAL TERM (OCLC, RLIN)
Topical term or geographic name as entry element BUILT ENVIRONMENT-SUSTAINABLE CONSTRUCTION
700 ## - ADDED ENTRY--PERSONAL NAME
Personal name Bourke, Kathryn
710 ## - ADDED ENTRY--CORPORATE NAME
Corporate name or jurisdiction name as entry element United Kingdom
Subordinate unit Department of Trade and Industry
710 ## - ADDED ENTRY--CORPORATE NAME
Corporate name or jurisdiction name as entry element United Kingdom
Subordinate unit Office of the Deputy Prime Minister
710 ## - ADDED ENTRY--CORPORATE NAME
Corporate name or jurisdiction name as entry element Building Research Establishment
856 ## - ELECTRONIC LOCATION AND ACCESS
Uniform Resource Identifier <a href="https://www.wlv.org.uk">https://www.wlv.org.uk</a>
Public note View the WLV search engine ...
942 ## - ADDED ENTRY ELEMENTS (KOHA)
Suppress in OPAC 0
Holdings
Withdrawn status Lost status Source of classification or shelving scheme Damaged status Not for loan Home library Current library Shelving location Date acquired Total Checkouts Full call number Barcode Date last seen Date last checked out Copy number Price effective from Koha item type
    Dewey Decimal Classification     London London BRE publications 14/04/2005 1 ENQUIRY DESK 30069993 06/08/2019 17/06/2005 1 06/08/2019 Book